1202 1107 1378 1217 1342 1088 1746 1421 1963 1094 1577 1789 1465 1286 1477 1064 1736 1710 1613 1839 1385 1263 1512 1061 1719 1294 1893 1408 1528 1218 1052 1684 1454 1903 1320 1021 1669 1836 1970 1655 1052 1985 1031 1302 1086 1564 1803 1928 1641 1323 1572 1667 1631 1420 1400 1288 1023 1398 1665 1614 1222 1892 1425 1281 1650 1027 1950 1461 1198 1180 1957 1051 1741 1035 1151 1158 1827 1397 1869 1317 1283 1740 1039 1814 1083 1836 1462 1020 1337 1610 1705 1861 1818 1782 1937 1205 1443 1452 1146 BCNSPRNW ULIB Ver.6.0+V

เปลี่ยนเป็นภาษาไทย

Change to English
 แสดงรายละเอียดบรรณานุกรม
  กลับหน้าหลัก

Brief Record : Get Marc (ISO 2709) : E-mail record : QR code < ปิดหน้าต่าง
LEADER : 00000nam 2200000uu 4500
001    13399127635
003     ULIB
008    210311s2561||||th 000 0 tha d
020    ^a9786164261655
050  4 ^aHA35^bป533ส
100 0  ^aปัทมา สุพรรณกุล
245 10 ^aสถิติประยุกต์สำหรับงานวิจัยด้านสาธารณสุข /^cปัทมา สุพรรณกุล
250    ^aพิมพ์ครั้งที่ 1
260    ^aพิษณุโลก :^bสำนักพิมพ์มหาวิทยาลัยนเรศวร,^c2561
300    ^a238 หน้า :^bภาพประกอบ ;^c26 ซม.
504    ^aมีบรรณานุกรมและดัชนี
650  4 ^aคณิตศาสตร์สถิติ
650  4 ^aสถิติวิเคราะห์
650  4 ^aสถิติศาสตร์
650  4 ^aสาธารณสุข^xวิจัย
945    ^p280^l0^i007971
945    ^p280^l0^i007972
945    ^p280^l0^i007973
945    ^p280^l0^i007974
945    ^p280^l0^i007975
999    ^aประนอม เกษจรัล
รายการนี้ยังไม่มีแท็ก
คุณยังไม่ได้ล็อกอิน คุณสามารถมีกิจกรรมร่วมกับเว็บไซต์ได้ แต่ต้องล็อกอินก่อน ::
  ล็อกอิน

รายการสื่อสารสนเทศ

ลำดับที่ ประเภท เลขเรียก/บาร์โค้ด สถานที่ สถานะ
1. การศึกษาทั่วไป
หนังสือสำรอง
สถานะ=หนังสือสำรอง
HA35 ป533ส ฉ.1 
  Barcode: 007971
ห้องสมุดวิทยาเขตสวรรค์ประชารักษ์
►หนังสือทั่วไป
บนชั้น
2. การศึกษาทั่วไป
การศึกษาทั่วไป
HA35 ป533ส ฉ.2 
  Barcode: 007972
ห้องสมุดวิทยาเขตสวรรค์ประชารักษ์
►หนังสือทั่วไป
บนชั้น
3. การศึกษาทั่วไป
การศึกษาทั่วไป
HA35 ป533ส ฉ.3 
  Barcode: 007973
ห้องสมุดวิทยาเขตสวรรค์ประชารักษ์
►หนังสือทั่วไป
บนชั้น
4. การศึกษาทั่วไป
การศึกษาทั่วไป
HA35 ป533ส ฉ.4 
  Barcode: 007974
ห้องสมุดวิทยาเขตสวรรค์ประชารักษ์
►หนังสือทั่วไป
บนชั้น
5. การศึกษาทั่วไป
การศึกษาทั่วไป
HA35 ป533ส ฉ.5 
  Barcode: 007975
ห้องสมุดวิทยาเขตสวรรค์ประชารักษ์
►หนังสือทั่วไป
บนชั้น

รายการใกล้เคียง
    ผู้แต่ง [ปัทมา สุพรรณกุล]

    หัวเรื่อง [คณิตศาสตร์สถิติ]
    หัวเรื่อง [สถิติวิเคราะห์]
    หัวเรื่อง [สถิติศาสตร์]
    หัวเรื่อง [สาธารณสุข วิจัย]

BibComment


ยังไม่เคยถูกคอมเมนท์

คอมเมนท์ทรัพยากรรายการนี้
  คอมเมนท์: สถิติประยุกต์สำห..


 Copyright 2026. Bcnsprnw @Library